| 000 | 00504cam a2200193 4500 | ||
|---|---|---|---|
| 008 | 090401t1983 xxu||||| |||| 00| 0 eng d | ||
| 020 | _a0112425577 | ||
| 035 | _a(Sirsi) u47829 | ||
| 041 | _aeng | ||
| 050 | _a630.0212 | ||
| 110 |
_aMinistry of Agriculture and Fisheries _91293 |
||
| 245 | _aFarm incomes in England and Wales 1981/82. | ||
| 260 |
_aLondon _bHMSO _c1983 |
||
| 300 | _aiii,69p. ; 30cm. | ||
| 350 | _a8.75 | ||
| 490 |
_aFarm Incomes Series _v35 |
||
| 942 | _n0 | ||
| 948 | _c04/03/1997 | ||
| 999 |
_c92214 _d92214 |
||